|
|
|
|
| LEADER |
01243nam a2200313 a 4500 |
| 001 |
000434768 |
| 003 |
CZ BrMZK |
| 005 |
20110830205606.0 |
| 007 |
ta |
| 008 |
010907s1979 xr f cze d |
| 015 |
|
|
|a cnb001520092
|
| 035 |
|
|
|a (OCoLC)85668365
|
| 040 |
|
|
|a BOA001
|b cze
|c BOA002
|
| 080 |
9 |
|
|a 687.5(075.3):377.35
|
| 100 |
1 |
|
|a Schwaer, Ľudovít
|7 xx0022084
|4 aut
|
| 245 |
1 |
0 |
|a Zbožíznalství pro drogisty :
|b 1. ročník učebního oboru 63-53-2 Prodavač drogistického zboží /
|c Ľ. Schwaer, E. Ilavská, S. Smyková
|
| 250 |
|
|
|a 1. vyd.
|
| 260 |
|
|
|a Praha :
|b Státní pedagogické nakladatelství,
|c 1979
|
| 300 |
|
|
|a 146 s.
|
| 490 |
1 |
|
|a Učebnice odborných učilišť a učňovských škol
|
| 500 |
|
|
|a Rozmnoženo
|
| 700 |
1 |
|
|a Ilavská, Edita
|7 xx0034955
|4 aut
|
| 700 |
1 |
|
|a Smyková, S.
|4 aut
|
| 830 |
|
0 |
|a Učebnice odborných učilišť a učňovských škol
|0 s
|
| 910 |
|
|
|a BOA001
|b PK-0085.629
|b 2-0808.891
|
| 964 |
|
|
|a Nauka o zboží drogistickém - učebnice - školy učňovské
|
| 990 |
|
|
|a BK
|
| 996 |
7 |
|
|b 2619425412
|c 2-0808.891
|l MZK
|r Sklad / do 1 hodiny
|n 0
|w 000434768
|u 000020
|a 1
|e BOA001
|j MZK50
|s A
|
| 996 |
7 |
|
|b 3119828925
|c PK-0085.629
|l MZK
|r Sklad / do 1 hodiny
|n 1
|w 000434768
|u 000010
|a 1
|e BOA001
|j MZK50
|s A
|